00514nam a2200157 a 4500008004100000050002200041100002900063245008800092260003900180300002100219500001700240650002800257650002000285650001200305650003900317160817s2014 ||||||||||||||||| || u aCBU-PG THESIS/CHU aChungulo, Leonard Mwango10aMeasurement of market risk of the Lusaka Stock Exchangecby Leonard Mwango Chungulo aKitwebCopperbelt Universityc2014 avii, 122p.: ill. aBibliography aSTOCK EXCHANGES--ZAMBIA aMARKET RESEARCH aFINANCE 0aZAMBIA--ECONOMIC CONDITIONS--1964-